| 000 | 00741nam a2200241Ia 4500 | ||
|---|---|---|---|
| 003 | OSt | ||
| 005 | 20221007074158.0 | ||
| 006 | a|||||r|||| 00| 0 | ||
| 007 | ta | ||
| 008 | 221006b |||||||| |||| 00| 0 eng d | ||
| 024 | _a28,136 | ||
| 037 | _cReports / Technical Reports | ||
| 040 |
_aFLL _cFLL _beng |
||
| 041 |
_2eng _aeng |
||
| 082 | _aZ73:255aN65-M47, K6 | ||
| 100 |
_aJacobstein J. Myron _9686889 |
||
| 245 | 0 | _aWater law bibliography 1847-1965 | |
| 260 |
_aMaryland _bJefferson Law Book Company _c1966 |
||
| 300 |
_axvi,249p _ccm. |
||
| 700 |
_a Mersky Roy M. _9692655 |
||
| 942 |
_hZ73:255aN65-M47, K6 _cREP _2CC |
||
| 999 |
_c1151448 _d1151448 |
||